Dôvodová správa k novele Obchodného zákonníka

Znenie Dôvodovej správy k novele Obchodného zákonníka. Všeobecná časť. Osobitná časť - pripomienky a výklad jednotlivých článkov zákona.

Na minha lista:
Detalhes bibliográficos
Formato: Capítulo de Livro
Idioma:eslovaco
Assuntos:
Tags: Adicionar Tag
Sem tags, seja o primeiro a adicionar uma tag!

MARC

LEADER 00000naa a2200000 4500
001 r043663
005 20230927065218.9
041 0 |a slo 
044 |a SK 
245 1 0 |a Dôvodová správa k novele Obchodného zákonníka 
520 |a Znenie Dôvodovej správy k novele Obchodného zákonníka. Všeobecná časť. Osobitná časť - pripomienky a výklad jednotlivých článkov zákona. 
610 2 0 |a zákonník obchodný 
610 2 0 |a novelizácia 
610 2 0 |a správy dôvodové 
610 2 0 |a právo obchodné 
610 2 0 |a spoločnosti obchodné 
610 2 0 |a aproximácia práva 
610 2 0 |a smernice 
610 2 0 |a Rada Európy